| 000 | 01453nam a22004697a 4500 | ||
|---|---|---|---|
| 005 | 20190603180000.0 | ||
| 008 | 190603b xxu||||| |||| 00| 0 spa d | ||
| 020 | _a9786075227979 | ||
| 041 | _aspa | ||
| 082 | _a658.045 G633c2 | ||
| 100 |
_aGómez Betancourt, Gonzalo _953997 |
||
| 245 | _a¿Cómo construir un legado familiar? Un modelo para tener familias empresarias perdurables | ||
| 250 | _a2 edición | ||
| 260 | _aMéxico | ||
| 260 | _bCengage Learning | ||
| 260 | _c2016 | ||
| 300 | _a218 páginas | ||
| 505 | _aContiene casos de estudio. | ||
| 650 |
_aADMINISTRACIÓN _9268 |
||
| 650 |
_aEMPRESA FAMILIAR _95543 |
||
| 650 |
_aESTRATEGIA _92778 |
||
| 650 |
_aESTRUCTURA FAMILIAR _928501 |
||
| 650 |
_aÓRGANOS DE GOBIERNO _953998 |
||
| 650 |
_aCOMITÉS DE APOYO _953999 |
||
| 650 |
_aÁMBITO PATRIMONIAL _954000 |
||
| 650 |
_aPROPIEDAD INDIVIDUAL _954001 |
||
| 650 |
_aPROPIEDAD COLECTIVA _954002 |
||
| 650 |
_aVALORES _932 |
||
| 650 |
_aPRINCIPIOS _92680 |
||
| 650 |
_aVIRTUDES _98598 |
||
| 650 |
_aÁMBITO EMPRESARIAL _954003 |
||
| 650 |
_aRECURSOS CORPORATIVOS _954004 |
||
| 650 |
_aESTRATEGIA INTERNACIONAL _954005 |
||
| 650 |
_aINVERSIÓN _97184 |
||
| 650 |
_aDIVERSIFICACIÓN _954006 |
||
| 650 |
_aPORTAFOLIO DE NEGOCIOS _954007 |
||
| 650 |
_aSISTEMAS DE DIRECCIÓN _924815 |
||
| 650 |
_aOFICINA FAMILIAR _954008 |
||
| 650 |
_aSISTEMA DE REMUNERACIÓN _954009 |
||
| 650 |
_aEVALUACIÓN _9957 |
||
| 942 | _cBK | ||
| 999 |
_c11991 _d11991 |
||